Calculus of Variations and Partial Differential Equations : Proceedings of a Conference held in Trento, Italy June 16-21, 1986

Saved in:
Bibliographic Details
Other Authors: Hildebrandt, Stefan (Editor), Kinderlehrer, David (Editor), Miranda, Mario 1937- (Editor)
Format: Book
Language:English
Published: Berlin : Springer-Verlag, 1988.
Series:Lecture notes in mathematics (Springer-Verlag) ; 1340
Subjects:
Tags: Add Tag
No Tags, Be the first to tag this record!

MARC

LEADER 00000cam a2200000 i 4500
001 1/28142
008 941103s1988 gw ||| | eng||
020 |a 3540501193 
035 |a 1995  |l 10038001 
040 |a GR-MyUA  |b gre  |e AACR2 
041 0 |a eng 
082 0 |a 515.64  
245 1 0 |a Calculus of Variations and Partial Differential Equations :   |b Proceedings of a Conference held in Trento, Italy June 16-21, 1986 /   |c S. Hildebrandt D. Kinderlehrer M. Miranda (Eds.)  
260 |a Berlin :   |b Springer-Verlag,   |c 1988.  
300 |a 301 σ. ;   |c 24 εκ.  
490 1 |a (Lecture notes in mathematics (Springer-Verlag)   |v ; 1340) 
500 |a Περιέχει βιβλιογραφικές αναφορές .  
650 0 0 |a Calculus of variations  |x Congresses. 
650 0 0 |a Differential equations, Partial  |x Congresses. 
700 1 |a Hildebrandt, Stefan,  |e edt 
700 1 |a Kinderlehrer, David,  |e edt 
700 1 |a Miranda, Mario  |d 1937-.  |e edt 
830 0 |a Lecture notes in mathematics (Springer-Verlag)  |v  ; 1340 
852 |a INST  |b SAMOS  |e 19941103  |h 515.64 CAL  |p 005300006899  |q 005300006899  |t BK  |y 0 
909 |a Σ  |b 029178